000 00476nam a2200145Ia 4500
008 100204s9999 xx 000 0 und d
082 _b2212
100 _aदिघे प्रभाकर
245 _aलिफ्ट नंबर चार
260 _b"उदयदीप प्रकाशन , मुंबई"
_c1980
300 _a192
630 _aलिफ्ट नंबर चार
730 _aलिफ्ट नंबर चार
942 _cBOOK
999 _c447314
_d447311